[Event "Oceania zt 3.6"]
[Site "Auckland"]
[Date "2017.01.14"]
[Round "1"]
[White "Qin, Oscar Shu Xuan"]
[Black "Yee, Stanley"]
[Result "0-1"]
[WhiteElo "1375"]
[BlackElo "1931"]
[PlyCount "60"]
[EventDate "2017.01.14"]
[EventType "swiss"]
[EventRounds "9"]
[EventCountry "NZL"]
[SourceTitle "CBM 176 Extra"]
[Source "ChessBase"]
[SourceDate "2017.03.02"]
[SourceVersion "1"]
[SourceVersionDate "2017.03.02"]
[SourceQuality "1"]

1. e4 c5 2. Nf3 d6 3. d4 cxd4 4. Nxd4 Nf6 5. Nc3 a6 6. Be3 e5 7. Nb3 Be6 8. f3 h5 9. Qd2 Nbd7 10. a4 Nb6 11. a5 Nc4 12. Bxc4 Bxc4 13. Ra4 Rc8 14. Bb6 Qd7 15. Ra1 Be7 16. Kf2 0-0 17. Rhd1 Qe6 18. Nc1 Nd7 19. Be3 Qg6 20. Kg1 h4 21. Kh1 Rfd8 22. b3 Be6 23. N1e2 Nf6 24. Bb6 Rd7 25. Rg1 d5 26. exd5 Nxd5 27. Nxd5 Rxd5 28. Qe1 Rxc2 29. Nc1 Rdd2 30. Qf1 h3 0-1